000 00562nam a2200169Ia 4500
003 GCL
008 140319s9999 xx 000 0 ara d
040 _aGCL /
_cGCL
082 0 4 _a939.4
_bا ن
100 1 _aامين الريحانى
245 1 0 _aالنكبات او خلاصة تاريخ سورية منذالعهد الاول بعد الطوفان الى عهد الجمهورية بلبنان /
_cامين الريحانى
300 _a112 ص
490 _a100 قصة
_v0
650 0 4 _aلبنان
650 0 4 _aسوريا - تاريخ
942 _2ddc
_cBK
999 _c46369
_d46369